| 000 | 00820nam a2200193 a 4500 | ||
|---|---|---|---|
| 003 | 0 | ||
| 005 | 20250424150832.0 | ||
| 008 | 050808s19uu xx 00 eng d | ||
| 050 |
_aPHS PE 1128.K6.E57 _b.K56 2005 |
||
| 100 | _aKim, Hanna. | ||
| 245 |
_aEnglish as Second Language (ESL) program and its effects on solving word problems in mathematics among Korean students of S.I.S.C. / _cHanna Kim. |
||
| 260 |
_aLas PiƱas City, Philippines : _bSouthville International School and Colleges, _c2005. |
||
| 300 |
_a29 pages : _billustrations ; _c28 cm. |
||
| 504 | _aIncludes bibliographical references. | ||
| 650 |
_2Library of Congress Subject Headings _aEnglish language _xStudy and teaching _vKorean speakers. |
||
| 650 |
_aEnglish language _xInfluence on mathematics education. |
||
| 942 |
_2lcc _cPASS |
||
| 999 |
_c97254 _d97254 |
||